[Event "GER-ch U25-C"]
[Site "Willingen"]
[Date "2019.06.14"]
[Round "8"]
[White "Margaryan, Harut"]
[Black "Hornstein, Leonhard Orell"]
[Result "1-0"]
[WhiteElo "1089"]
[BlackElo "1346"]
[PlyCount "73"]
[EventDate "2019.06.08"]
[EventType "swiss"]
[EventRounds "9"]
[EventCountry "GER"]
[SourceTitle "CBM 191 Extra"]
[Source "ChessBase"]
[SourceDate "2019.09.30"]
[SourceVersion "1"]
[SourceVersionDate "2019.09.30"]
[SourceQuality "1"]

1. d4 d5 2. Bg5 Nc6 3. e3 Bf5 4. c4 f6 5. Bh4 e6 6. Nf3 g5 7. Bg3 h5 8. h4 g4 9. Nfd2 Nb4 10. Qa4+ c6 11. Na3 Nh6 12. c5 a5 13. Qb3 Nf7 14. Rc1 e5 15. dxe5 Nxe5 16. Bxe5 fxe5 17. Nab1 Qc7 18. a3 Na6 19. Bxa6 Rxa6 20. Qc3 Bg7 21. b4 0-0 22. Qb3 axb4 23. axb4 Rfa8 24. 0-0 Ra2 25. e4 Bg6 26. exd5 cxd5 27. Qxd5+ Bf7 28. Qd6 Qxd6 29. cxd6 Rd8 30. Ne4 Bg6 31. Nbc3 Rb2 32. b5 Bxe4 33. Nxe4 Rxb5 34. Rfd1 Rb4 35. d7 Rxd7 36. Rxd7 Rxe4 37. Rc8+ 1-0